000 00733nam a2200193Ii 4500
003 JO-AjNU
008 230605s9999||||xx |||||||||||||| ||und||
040 _aJO-AjNU
_bara
_erda
_cJO-AjNU
041 _aara
050 1 4 _aHD62.15.T3238.2014
100 3 _aالطائي،حميد عبدالنبي/رضا صاحب آل علي/سنان كاظم الموسوي,
_eauthor
_945642
245 0 0 _aادارة الجودة الشاملةTQMوالايزوISO
264 3 1 _aعمان:مؤسسة الوراق للنشر والتوزيع،2014
300 _a263ص
336 _atext
_btxt
_2rdacontent
337 _aunmediated
_bn
_2rdamedia
338 _avolume
_bnc
_2rdacarrier
650 4 _aادارة الانتاج-ضبط الجودة
_945643
999 _aA19800
_c23368
_d23368